| 000 | 00442nam a2200157 a 4500 | ||
|---|---|---|---|
| 001 | 000029192 | ||
| 005 | 20200930055404.0 | ||
| 008 | 110414s1991 dr 000 0 spa d | ||
| 040 |
_aDO-SdBNP _bspa _cBNPHU |
||
| 082 |
_axxx _aB139e |
||
| 100 | 1 |
_aBaehr, Bonnie _91164 |
|
| 245 | 1 | 1 |
_aEnos, hijo del cosmo / _cBonnie Baehr. |
| 260 |
_aSanto Domingo : _bFondo de Publicaviones Bonnie Baehr, _c1991. |
||
| 300 |
_a8 p. ; _c17 cm. |
||
| 049 | _aBNPD | ||
| 999 |
_c28684 _d28684 |
||